Statistiques concernant Les 7 Merveilles du mondes Antique

Cliquez ici pour prendre le quiz!

Statistiques générales

  • Ce quiz a été pris 269 fois
  • Le résultat moyen est 4 sur 7

Statistiques - réponses

Réponse% Correct
Le Phare d'Alexandrie
85%
Le colosse de Rhodes
83%
Les jardins suspendus de Babylone
71%
La statue de Zeus
60%
Le temple d'Artémis
59%
La pyramide de Khéops
54%
Mausolée à Halicarnasse
5%

Distribution des résultats

Percentile par nombre de réponses

% des personnes avec chaque résultat

Votre développement - résultats

Vous n’avez pas pris ce quiz